000 00568nam a2200205 a 4500
008 951031s1980||||xo 0 slo c
020 _a8096702114
_c10
040 _aSNK
_bslo
_cSNK
_eAACR2
041 1 _aslo
_heng
044 _axo
_cSK
080 _a820 (73)-3
100 1 _aLund, Doris
_4aut
245 1 0 _aErik
_cDoris Lund ; Prekl. Otakar Kořínek ; Obál. Igor Imro
250 _a[1. vyd.]
260 _aBratislava
_bSmena
_c1980
_eMartin
_fNeografia
300 _a272 s.
_c20 cm
700 1 _aKořínek, Otakar
_4trl
700 1 _aImro, Igor
_4bjd
958 _aAUL
999 _c12030
_d12030